000 00437cam a2200181ua 4500
001 99
008 110406n ii |||gr||||Z||||||eng
020 _a81-7656-363-3
040 _cMAIN
082 _a005.4
245 _aWindows me complete.
_cBy Sybex Inc.
250 _a1st. /
_bedited by.
260 _aNew Delhi.:
_bBPB.,
_c2001.
653 _aComputer Science.
653 _aWindows me complete.
700 1 _aInc, Sybex.,
942 _cBK
999 _c90
_d90